000 00671nam a2200241Ia 4500
003 OSt
005 20221007074844.0
006 a|||||r|||| 00| 0
007 ta
008 221006b |||||||| |||| 00| 0 eng d
024 _a2,931
037 _cTextual
040 _aFLL
_cFLL
_beng
041 _2eng
_aeng
082 _aZ2,2,11,1, L5
100 _aJoshi P.C. Au.
245 0 _aLand reforms in india
_b Trends and perspectives
250 _a1st
260 _aNew Delhi
_bAllied Publishers Pvt. Ltd. India
_c1975
650 _aLand reforms in india
_9693242
942 _hZ2,2,11,1, L5
_cTEXL
_2CC
999 _c1153924
_d1153924